|
|
|
|
| LEADER |
00611nab a2200169 i 4500 |
| 001 |
acta56460 |
| 005 |
20260224081030.0 |
| 008 |
190114s2007 hu o 000 hun d |
| 022 |
|
|
|a 1787-4637
|
| 040 |
|
|
|a SZTE Egyetemi Kiadványok Repozitórium
|b hun
|
| 041 |
|
|
|a hun
|
| 100 |
1 |
|
|a Morse Don
|
| 245 |
1 |
0 |
|a Situating Dewey
|h [elektronikus dokumentum] /
|c Morse Don
|
| 260 |
|
|
|c 2007
|
| 490 |
0 |
|
|a Americana : E-Journal of American Studies in Hungary
|v 3 No. 2
|
| 695 |
|
|
|a Filozófia - polgári - USA - 1900-1952, John Dewey
|
| 856 |
4 |
0 |
|u http://acta.bibl.u-szeged.hu/56460/2/americana_003_002_003/morse.html
|z Dokumentum-elérés
|